00690nam a2200229Ia 450000500170000000800410001702000180005804100120007608200170008810000240010524500900012925000120021926000370023130000210026865000200028965000220030965000280033170000210035970000240038070000360040470000200044020260429112112.0260429s9999||||xx |||||||||||||| ||und|| a9781032405834 aEnglish a570.285bPAT aPathak, Yashwant V. 0aArtificial intelligence in bioinformatics and chemoinformatics / cYashwant V. Pathak a1st ed. aBoca Raton : bCRC Press,c2025. axiv, 260 p.; pbk a Bioinformatics a Chemoinformatics aArtificial intelligence a Patel, Jayvadan a Pathak, Sarvadaman a Prajapati, Bhupendra Gopalbhai a Saikia, Surovi